Pequeñas Mentirosas - Estadísticas

Estadísticas generales
  • Esta prueba ha sido intentada 19 veces
  • La puntuación promedio es 17 de 37
Estadísticas de respuestas
Imagen Respuesta % Correcto
-A
100%
Spencer Hastings
100%
Aria Montgomery
92%
Emily Fields
92%
Hanna Marin
92%
Mona Vanderwaal
92%
Alison DiLaurentis
83%
Ezra Fitz
75%
Melissa Hastings
75%
Toby Cavanaugh
75%
Caleb rivers
67%
Jenna Cavanaugh
58%
Lucas Gottesman
58%
Paige McCullers
58%
Wren Kim
58%
Ian Thomas
50%
Maya St. Germain
50%
Ella Montgomery
42%
Jason dilaurentis
42%
Noel Kahn
42%
Byron Montgomery
33%
Mike Montgomery
33%
Alex Santiago
25%
Ashley Marin
25%
Pam Fields
25%
Peter Hastings
25%
Veronica Hastings
25%
Anne Sullivan
17%
Ben Coogan
17%
Garrett Reynolds
17%
Holden Strauss
17%
Samara Cook
17%
Sean Ackard
17%
Darren Wilden
8%
Kate Randall
8%
Jackie Molina
0%
Wayne Fields
0%
No se encontraron pruebas coincidentes
Distribución de puntuación
Porcentaje de gente con cada puntuación
Porcentaje por número respondido
Historial de tus puntuaciones
No has intentado esta prueba.